Normal view
MARC view
Entry Término temático
001 - NÚMERO DE CONTROL
- campo de control: 170135
003 - IDENTIFICADOR DEL NÚMERO DE CONTROL
- campo de control: OSt
005 - FECHA Y HORA DE LA ÚLTIMA TRANSACCIÓN
- campo de control: 20220127161103.0
008 - DATOS DE LONGITUD FIJA
- campo de control de longitud fija: 220127|| aca||aabn | a|a d
040 ## - FUENTE DE LA CATALOGACIÓN
- Centro catalogador/agencia de origen: OSt
- Centro/agencia transcriptor: OSt
150 ## - ENCABEZAMIENTO--TÉRMINO DE MATERIA
- Término de materia o nombre geográfico como elemento de entrada: Pratylenchus coffeae
670 ## - FUENTE DE DATOS ENCONTRADOS
- Cita de la fuente: Work cat.: (OSt)204154: Begines Ibáñez, José Iván 11279, Control de meloidogyne incognita y Pratylenchus coffeae en café (Coffea arabica var. Garnica F5), con ethoprop, aldicarb, nematrol y composta, en Huatusco, Veracruz, México /
